Asia Pacific law review.
| Uniform Title: | Asia Pacific law review (Online) |
|---|---|
| Corporate Authors: | , |
| Format: | Journal |
| Language: | English |
| Published: |
[Hong Kong] :
[Longman]
[Hong Kong] : [RT Law & Tax Asia] [London] : Kluwer Law International. Hong Kong : LexisNexis. |
| Subjects: | |
| Online Availability: |
|
MARC
| Tag | First Indicator | Second Indicator | Subfields |
|---|---|---|---|
| LEADER | 00000cas a2200000 a 4500 | ||
| 001 | in00001701621 | ||
| 005 | 20151024161459.0 | ||
| 006 | m o d | ||
| 007 | cr ||||||||||| | ||
| 008 | 001121c19929999cc fr pso 0 0eng c | ||
| 010 | |a 2010250908 | ||
| 016 | 7 | |a 2014968-2 |2 DE-600 | |
| 016 | 7 | |a 012432135 |2 Uk | |
| 019 | |a 45689532 |a 499759125 |a 655269526 | ||
| 022 | |l 1019-2557 |y 1019-2557 | ||
| 029 | 1 | |a OCLCS |b 9246 | |
| 029 | 1 | |a OCLCS |b OP-13053 | |
| 029 | 1 | |a HEBIS |b 091506883 | |
| 029 | 1 | |a AU@ |b 000046167303 | |
| 035 | |a (OCoLC)ocm45408860 | ||
| 035 | |a (OCoLC)45408860 |z (OCoLC)45689532 |z (OCoLC)499759125 |z (OCoLC)655269526 | ||
| 040 | |a OH1 |b eng |c OH1 |d OCLCQ |d F#A |d OCLCQ |d TKF |d BUF |d UKMGB |d W2U |d HEBIS |d OCLCQ |d OCLCA |d OCLCQ |d OCLCA |d UtOrBLW | ||
| 042 | |a pcc | ||
| 043 | |a a------ |a po----- | ||
| 049 | |a TXAM | ||
| 050 | 4 | |a K1 |b .S765 Electronic | |
| 082 | 0 | 4 | |a 349.95 |
| 130 | 0 | |a Asia Pacific law review (Online) | |
| 245 | 1 | 0 | |a Asia Pacific law review. |
| 246 | 3 | |a APLR | |
| 246 | 1 | |i Some providers cite as: |a Asia Pac. L. Rev | |
| 264 | 1 | |3 1992-<1994> : |a [Hong Kong] : |b [Longman] | |
| 264 | 1 | |3 <1995-1997> : |a [Hong Kong] : |b [RT Law & Tax Asia] | |
| 264 | 1 | |3 <1998-2008> : |a [London] : |b Kluwer Law International. | |
| 264 | 1 | |3 <2009-> : |a Hong Kong : |b LexisNexis. | |
| 310 | |a Semiannual | ||
| 336 | |a text |b txt |2 rdacontent | ||
| 337 | |a computer |b c |2 rdamedia | ||
| 338 | |a online resource |b cr |2 rdacarrier | ||
| 362 | 1 | |a Print began with: Vol. 1, no. 1 (spring 1992). | |
| 525 | |a Includes occasional special issue. | ||
| 538 | |a Mode of access: World Wide Web. | ||
| 550 | |a Issued by: Department of Law of the City Polytechnic of Hong Kong, 1992-1994; by: City University of Hong Kong, 1995- | ||
| 588 | |a Description based on print version record. | ||
| 588 | |a Latest issue consulted: Vol. 18, no. 1 (2010) (publisher's Web site, viewed Nov. 3, 2010). | ||
| 500 | |a Electronic resource. | ||
| 650 | 0 | |a Law |z Asia |v Periodicals. | |
| 650 | 0 | |a Law |z Oceania |v Periodicals. | |
| 710 | 2 | |a City Polytechnic of Hong Kong. |b Department of Law. | |
| 710 | 2 | |a City University of Hong Kong. | |
| 776 | 0 | 8 | |i Print version: |t Asia Pacific law review |x 1019-2557 |w (DLC) 93645266 |w (OCoLC)27130969 |
| 949 | |a updated |b h |c 2013/11/26 |e spoltoratski |f 11:40:11 am |g m | ||
| 994 | |a C0 |b TXA | ||
| 999 | |a MARS | ||
| 999 | f | f | |s ea21855c-9a8e-3041-b903-3ae2b9403d33 |i 3d3f03b2-2026-3754-bce5-90a40e70233b |t 0 |
| 952 | f | f | |a Texas A&M University |b College Station |c Electronic Resources |d Available Online |t 0 |e K1 .S765 |g Electronic |h Library of Congress classification |
| 998 | f | f | |a K1 .S765 |t 0 |l Available Online |